Normal view
MARC view
Entry Personal Name
001 - CONTROL NUMBER
- control field: 46367
003 - CONTROL NUMBER IDENTIFIER
- control field: ARRUPE
005 - DATE AND TIME OF LATEST TRANSACTION
- control field: 20190509125335.0
008 - FIXED-LENGTH DATA ELEMENTS
- fixed length control field: 190509|| aca||aabn | a|a d
040 ## - CATALOGING SOURCE
- Original cataloging agency: ARRUPE
- Transcribing agency: ARRUPE
100 ## - HEADING--PERSONAL NAME
- Personal name: Hastings, Adrian
670 ## - SOURCE DATA FOUND
- Source citation: Work cat.: (ARRUPE): Hastings, Adrian, Church and mission in mdern Africa , 1967.